Do Peers and Agglomeration Affect Farm Efficiency?

Táto štúdia skúma rovnocenné účinky a aglomeračné vplyvy na nákladovú efektívnosť juhokórejských ryžových fariem pomocou päťročného panelového súboru údajov o výrobných nákladoch. Na odhad nákladovej efektívnosti sme použili časovo premenlivý prístup stochastickej funkcie hraničných nákladov a na kv...

Descrizione completa

Salvato in:
Dettagli Bibliografici
Autore principale: Min, Sunhyung
Altri autori: Kim, Kwansoo
Natura: Capitolo di libro
Lingua:inglese
Soggetti:
Tags: Aggiungi Tag
Nessun Tag, puoi essere il primo ad aggiungerne!!

MARC

LEADER 00000naa a2200000 4500
001 0305118
005 20241115100639.2
041 0 |a eng 
044 |a CZ 
245 1 0 |a Do Peers and Agglomeration Affect Farm Efficiency?  |c Sunhyung Min, Kwansoo Kim 
520 |a Táto štúdia skúma rovnocenné účinky a aglomeračné vplyvy na nákladovú efektívnosť juhokórejských ryžových fariem pomocou päťročného panelového súboru údajov o výrobných nákladoch. Na odhad nákladovej efektívnosti sme použili časovo premenlivý prístup stochastickej funkcie hraničných nákladov a na kvantifikáciu vplyvov rovesníkov model lineárneho priemeru. Zistenia zdôrazňujú rovnocenné účinky ako kľúčové pre pochopenie a zvýšenie produktivity fariem, najmä v oblastiach pestovania ryže. Špecializácia aj rozmanitosť aglomerácie pozitívne ovplyvnili efektivitu, pričom väčší vplyv mala špecializácia. 
610 2 0 |a farmy 
610 2 0 |a Južná Kórea 
610 2 0 |a poľnohospodárstvo 
610 2 0 |a ryža 
610 2 0 |a regióny 
100 1 |a Min, Sunhyung 
700 1 |a Kim, Kwansoo